| 000 | 00393nam a2200169Ia 4500 | ||
|---|---|---|---|
| 003 | STCL | ||
| 008 | 181203s9999 xx 000 0 und d | ||
| 020 | _a9781118843192 | ||
| 040 |
_aSTCL _bEN _cSTCL |
||
| 082 | _222 | ||
| 100 | _aWu, Duncan | ||
| 245 | 0 | _a30 Great Myths About the Romantics | |
| 260 |
_bWiley Blackwell _aUK _c2015 |
||
| 300 | _a301 | ||
| 546 | _aEnglish | ||
| 942 |
_2ddc _cBK |
||
| 999 |
_c86288 _d86288 |
||